000 00677nam a22002537a 4500
001 45097
003 UA-OsUOA
005 20210106221544.0
007 ta
008 20110926b un ||||| |||| 00| 0 ukr d
040 _aUA-OsUOA
_bukr
_cUA-OsUOA
_dUA-OsUOA
041 _aukr
080 _a09.-82-3
090 _a09.-82-3
_bК31
100 _aКащенко А.
245 _aСлавні побратими
260 _aНа чужині
_c1947
300 _a47 с.
650 7 _2UDC
942 _cBK
_2udc
955 _a3
999 _c425212
_d425212